Państwa Bliskiego Wschodu - nagła śmierć - Statystyki

Ogólne statystyki
  • Ten quiz został rozwiązany 104 razy
  • Średni wynik to 9 z 16
Answers on the Grid
Answers color-coded by a green-red scale on the quiz's grid according to % correct below.
Grecja
Cypr
Gruzja
Turcja
Irak
Azerbejdżan
Egipt
Sudan
Arabia Saudyjska
Iran
Katar
Rosja
Pakistan
Oman
Jemen
Erytrea
Zjednoczone Emiraty Arabskie
Libia
Macedonia Północna
Bahrajn
Izrael
Jordania
Bułgaria
Seszele
Kuwejt
Liban
Syria
 
Statystyki odpowiedzi
Odpowiedź % Poprawnych
Iran
80%
Irak
77%
Katar
71%
Oman
66%
Arabia Saudyjska
63%
Jemen
63%
Syria
57%
Izrael
54%
Turcja
54%
Zjednoczone Emiraty Arabskie
54%
Kuwejt
51%
Jordania
49%
Liban
49%
Bahrajn
46%
Egipt
37%
Cypr
34%
Nie znaleziono quizów pasujących do podanych kryteriów
Rozkład punktacji
Procent ludzi z każdym wynikiem
Percentyl według liczby udzielonych odpowiedzi
Twoja historia wyników
Nie rozwiązałeś tego quizu